00539nam a2200133Ia 4500008004100000041000800041100002800049245010500077260005100182300000800233700004400241999001900285952010100304250110s9999 xx 000 0 und d aeng aGhante Samprita9184198 aLandscape Planning Proposal For Solapur Bhuikot (Solapur Fort) And Policies Its Surrounds At Solapur bBNCA M Arch Landscape Architecture, Punec2022 a56p aGuide Name:Sahasrtabuddhe Swati9210970 c364616d364616 00104070aBNCAbBNCAd2022-07-21l0pBNCA-PR-2116r2025-01-10 00:00:00w2025-01-10yPRzPR2116